Central Library OPAC University of Rajshahi

Irrigation Practice in Rice Cultivation and Its Sustainability in Bangladesh : (Record no. 82119)

MARC details
000 -LEADER
fixed length control field 00940nam a2200241 a 4500
001 - CONTROL NUMBER
RUCL Control Number 82119
003 - CONTROL NUMBER IDENTIFIER
rucl marc code BD-RjUL
005 - DATE AND TIME OF LATEST TRANSACTION
control field 20231016104221.0
008 - FIXED-LENGTH DATA ELEMENTS--GENERAL INFORMATION
fixed length control field 231016s2013 bg a|||| m||| 00| 0 eng d
035 ## - SYSTEM CONTROL NUMBER
system control number (BD-RjUL)82119
040 ## - CATALOGING SOURCE
Original cataloging agency BD-RjUL
Language of cataloging eng
Transcribing agency BD-RjUL
Modifying agency BD-RjUL
041 ## - LANGUAGE CODE
Language code of Book eng
082 ## - DEWEY DECIMAL CLASSIFICATION NUMBER
DDC Edition number 23
Classification number 641.3318
Author mark and Year ISI 2013
100 ## - MAIN ENTRY--PERSONAL NAME
Personal name Islam, Md. Nazrul
245 10 - TITLE STATEMENT
Title Irrigation Practice in Rice Cultivation and Its Sustainability in Bangladesh :
Remainder of title Issues and Challenges /
Statement of responsibility, etc By Md. Nazrul Islam ;
Name of Supervisor/Co-Supervisor Supervisor : M. Mostafa Kamal
260 ## - PUBLICATION, DISTRIBUTION, ETC. (IMPRINT)
Place of publication, distribution, etc Rajshahi :
Name of publisher, distributor, etc Institute of Bangladesh Studies, University of Rajshahi,
Date of publication, distribution, etc 2013
300 ## - PHYSICAL DESCRIPTION
Pagination xxv, 264 Leaves :
Other physical details ill, ;
Dimensions 29 cm.
502 ## - DISSERTATION NOTE
Dissertation note Thesis (Ph. D.) -- Institute of Bangladesh Studies, University of Rajshahi, 2013
504 ## - BIBLIOGRAPHY, ETC. NOTE
Bibliography, etc Bibliography : Leaves [165]-171
650 ## - SUBJECT ADDED ENTRY--TOPICAL TERM
Topical term or geographic name as entry element Rice
Form subdivision Irrigation
General subdivision Food and Drink
9 (RLIN) 9566
700 ## - ADDED ENTRY--SUPERVISOR/CO-SUPERVISOR NAME
Personal name Kamal, M. Mostafa, Supervisor
9 (RLIN) 1265
942 ## - ADDED ENTRY ELEMENTS (KOHA)
Source of classification or shelving scheme Dewey Decimal Classification
Koha item type Theses
Holdings
Source of classification or shelving scheme Damaged status Not for loan Collection code Permanent Location Current Location Shelving location Date of accession Source of acquisition Total Checkouts Full call number Barcode Date last seen Copy number Thesis
Dewey Decimal Classification   Not For Loan Theses Central Library, University of Rajshahi Central Library, University of Rajshahi Documentation Section 09/04/2016 Controller of Exam. R. U.   THE 641.3318 ISI 2013 D3880 16/10/2023 C-1 Theses